| 000 | 00000nam##2200000za#4500 |
| 001 | 9.599686 |
| 003 | CaOODSP |
| 005 | 20240501092931 |
| 007 | cr ||||||||||| |
| 008 | 150406|2004||||xxc|||||o f|0| 0 fre|d |
| 040 | |aCaOODSP|bfre |
| 043 | |an-cn--- |
| 086 | 1 |aPS83-3/152F-PDF |
| 110 | 2 |aService correctionnel Canada. |
| 245 | 10|aModifier les attitudes antisociales des délinquants du sexe masculin sous responsabilité fédérale en liberté sous condition : |h[ressource électronique]|banalyse préliminaire du programme communautaire Contrepoint / |c[par] Annie K. Yessine et Daryl G. Kroner. |
| 260 | |bService correctionnel Canada |cAvril 2004. |
| 300 | |a48p.|bréférences, tableaux |
| 490 | 1 |aRapport de recherche|vR-152 |
| 590 | |a10-11-Supp|b2010-11-10 |
| 720 | 1 |aYessine, Annie K. |
| 720 | 1 |aKroner, Daryl G. |
| 775 | 08|tAltering antisocial attitudes among federal male offenders on release : |w(CaOODSP)9.568397 |
| 830 | #0|aRapport de recherche (Service correctionnel Canada. Direction de la recherche)|vR-152|w(CaOODSP)9.502465 |
| 856 | 40|ahttp://publications.gc.ca|qPDF|s499 Ko|uhttps://publications.gc.ca/collections/collection_2010/scc-csc/PS83-3-152-fra.pdf|yR-152 |